| 000 | 00600nam a22001937a 4500 | ||
|---|---|---|---|
| 999 |
_c173079 _d173079 |
||
| 005 | 20200218123310.0 | ||
| 010 | _aENG-127899 | ||
| 020 |
_c995.00 _a9780199490820 |
||
| 035 | _aEN-111431 | ||
| 037 | _bDBAD/PUB | ||
| 082 | _a079.54 | ||
| 245 |
_aIndian journalism in a new era : _cedited by Shakuntala Rao _bchanges, challenges, and perspectives/ |
||
| 260 |
_aNew Delhi _c2019 _bOxford University Press |
||
| 270 |
_a2/11 Ground Floor,Ansari Road,Dariyaganj _e110002 _bNew Delhi |
||
| 300 |
_axii;384p. _b23(hb) |
||
| 500 | _a | ||
| 700 | _aRao,Shakuntala | ||
| 942 |
_2ddc _cEN _hCOM _k079.54 |
||